Guillermo de Ockham /

Guardado en:
Autor Corporativo: Canal A.
Formato: Deslizar
Series:Grandes filósofos
Materias:
Etiquetas: Agregar Etiqueta
Sin Etiquetas, Sea el primero en etiquetar este registro!
LEADER 00834ngm a22002295g 4500
001 CEM.cems022740
008 130507b2005##################0###0#####d
005 20241114205357.0
245 1 0 |a Guillermo de Ockham /  |c Canal A. 
300 |a 25'. 
490 0 |a Grandes filósofos 
500 |a En soporte VHS, consultar en ventanilla. 
505 0 |a Sus orígenes. Sus ideas sobre el individuo real. El empirismo. El principio de la omnipotencia divina. El principio de economía. Su obra política. 
538 |a Soporte: VHS - Norma: Pal N - Color: Si - Grabación DRD 2005 - Hitachi=4025 
110 2 |a Canal A. 
082 1 0 |/ FIL-3 
653 |a FILOSOFIA 
653 |a OCKHAM 
653 |a EMPIRISMO 
653 |a NIVEL PRIMARIO 
653 |a NIVEL SECUNDARIO 
859 |a CEMS  |b BIB. CEMS - Depto. Recursos Didacticos  |h 100  |i FIL-3  |k DRD  |p 1383.12  |t Ej.1